Comparing projections and outcomes of IMF - supported programs
Na minha lista:
| Autor principal: | |
|---|---|
| Outros Autores: | |
| Formato: | Livro |
| Idioma: | inglês |
| Publicado em: |
Washington
International Monetary Fund
2001
|
| Colecção: | IMF Working Paper
WP/01/45 |
| Assuntos: | |
| Tags: |
Sem tags, seja o primeiro a adicionar uma tag!
|
MARC
| LEADER | 00000nam a2200000 4500 | ||
|---|---|---|---|
| 001 | c129179 | ||
| 005 | 20221124105100.7 | ||
| 041 | 0 | |a eng | |
| 044 | |a US | ||
| 245 | 1 | 0 | |a Comparing projections and outcomes of IMF - supported programs |c Alberto Musso, Steven Phillips |
| 264 | 1 | |a Washington |b International Monetary Fund |c 2001 | |
| 300 | |a 34 s. | ||
| 490 | 1 | |a IMF Working Paper |v WP/01/45 | |
| 830 | 0 | |a IMF Working Paper |v WP/01/45 | |
| 610 | 2 | 0 | |a Medzinárodný menový fond |
| 610 | 2 | 0 | |a pomoc finančná |
| 610 | 2 | 0 | |a porovnanie medzinárodné |
| 610 | 2 | 0 | |a predvídanie |
| 610 | 2 | 0 | |a prognózy |
| 100 | 1 | |a Musso, Alberto | |
| 700 | 1 | |a Phillips, Steven | |